Top 500 Films on Letterboxd - 2026 - Statistics

General Stats
  • This quiz has been taken 330 times
  • The average score is 102 of 500
Answer Stats
Rank Director Actor Year Film % Correct
15 Francis Ford Coppola Marlon Brando 1972 The Godfather
92%
167 Fritz Lang Peter Lorre 1931 M
85%
78 Peter Jackson Elijah Wood 2001 The Lord of the Rings: The Fellowship of the Ring
85%
7 Francis Ford Coppola Al Pacino 1974 The Godfather: Part II
79%
14 Bong Joon-ho Song Kang-ho 2019 Parasite
77%
94 David Fincher Morgan Freeman 1995 Se7en
75%
24 Christopher Nolan Christian Bale 2008 The Dark Knight
72%
8 Frank Darabont Tim Robbins 1994 The Shawshank Redemption
72%
12 Steven Spielberg Liam Neeson 1993 Schindler's List
71%
38 Christopher Nolan Matthew McConaughey 2014 Interstellar
68%
240 Quentin Tarantino John Travolta 1994 Pulp Fiction
68%
45 Peter Jackson Elijah Wood 2002 The Lord of the Rings: The Two Towers
68%
360 Andrey Zvyaginstev Vladimir Garin 2003 The Return
68%
18 Sergio Leone Clint Eastwood 1966 The Good, the Bad and the Ugly
67%
11 Peter Jackson Elijah Wood 2003 The Lord of the Rings: The Return of the King
67%
423 George Lucas Mark Hamill 1977 Star Wars
66%
30 Martin Scorsese Robert De Niro 1990 Goodfellas
64%
269 Christopher Nolan Leonardo DiCaprio 2010 Inception
64%
5 Akira Kurosawa Toshirō Mifune 1954 Seven Samurai
64%
274 Stanley Kubrick Jack Nicholson 1980 The Shining
63%
402 Robert Zemeckis Tom Hanks 1994 Forrest Gump
61%
3 Sidney Lumet Henry Fonda 1957 12 Angry Men
60%
99 Quentin Tarantino Brad Pitt 2009 Inglourious Basterds
60%
415 Christopher Nolan Cillian Murphy 2023 Oppenheimer
60%
35 Hayao Miyazaki Rumi Hiiragi 2001 Spirited Away
59%
288 Quentin Tarantino Uma Thurman 2003 Kill Bill: Vol. 1
59%
147 Alfred Hitchcock Anthony Perkins 1960 Psycho
59%
121 Jonathan Demme Jodie Foster 1991 The Silence of the Lambs
59%
197 David Fincher Edward Norton 1999 Fight Club
58%
59 Roman Polanski Adrien Brody 2002 The Pianist
58%
190 Michael Curtiz Humphrey Bogart 1942 Casablanca
57%
131 Quentin Tarantino Jamie Foxx 2012 Django Unchained
57%
220 Stanley Kubrick Keir Dullea 1968 2001: A Space Odyssey
56%
29 Paul Thomas Anderson Daniel Day-Lewis 2007 There Will Be Blood
55%
85 Denis Villeneuve Timothée Chalamet 2024 Dune: Part Two
54%
146 Joel Coen, Ethan Coen Javier Bardem 2007 No Country for Old Men
54%
442 Steven Spielberg Harrison Ford 1981 Raiders of the Lost Ark
54%
221 Ridley Scott Sigourney Weaver 1979 Alien
53%
391 Ridley Scott Russell Crowe 2000 Gladiator
52%
88 Gus Van Sant Matt Damon 1997 Good Will Hunting
52%
95 Miloš Forman Jack Nicholson 1975 One Flew Over the Cuckoo's Nest
52%
40 Francis Ford Coppola Martin Sheen 1979 Apocalypse Now
51%
174 James Cameron Arnold Schwarzenegger 1991 Terminator 2: Judgment Day
51%
64 Irvin Kershner Mark Hamill 1980 The Empire Strikes Back
51%
234 Wes Anderson Ralph Fiennes 2014 The Grand Budapest Hotel
51%
386 Lana Wachowski, Lilly Wachowski Keanu Reeves 1999 The Matrix
51%
122 Martin Scorsese Leonardo DiCaprio 2006 The Departed
50%
306 Robert Zemeckis Michael J. Fox 1985 Back to the Future
49%
364 Orson Welles Orson Welles 1941 Citizen Kane
49%
66 David Lean Peter O'Toole 1962 Lawrence of Arabia
49%
48 Damien Chazelle Miles Teller 2014 Whiplash
49%
400 Darren Aronofsky Natalie Portman 2010 Black Swan
48%
39 Frank Capra James Stewart 1946 It's a Wonderful Life
48%
224 Steven Spielberg Tom Hanks 1998 Saving Private Ryan
48%
276 Peter Weir Jim Carrey 1998 The Truman Show
48%
161 Wes Anderson George Clooney 2009 Fantastic Mr. Fox
46%
10 Fernando Meirelles Alexandre Rodrigues 2002 City of God
46%
239 Michel Gondry Jim Carrey 2004 Eternal Sunshine of the Spotless Mind
46%
226 Daniel Scheinert, Daniel Kwan Michelle Yeoh 2022 Everything Everywhere All at Once
46%
280 Martin Scorsese Robert De Niro 1980 Raging Bull
46%
97 Alfred Hitchcock James Stewart 1954 Rear Window
46%
130 Charlie Chaplin Charlie Chaplin 1940 The Great Dictator
46%
275 Alfred Hitchcock James Stewart 1958 Vertigo
46%
466 Quentin Tarantino Harvey Keitel 1992 Reservoir Dogs
44%
189 Christopher Nolan Hugh Jackman 2006 The Prestige
44%
156 Michael Mann Al Pacino 1995 Heat
43%
61 Roberto Benigni Roberto Benigni 1997 Life Is Beautiful
43%
382 Christopher Nolan Guy Pearce 2000 Memento
43%
347 Paul Thomas Anderson Leonardo DiCaprio 2025 One Battle After Another
43%
470 Brian De Palma Al Pacino 1983 Scarface
43%
187 Frank Darabont Tom Hanks 1999 The Green Mile
43%
293 Martin Scorsese Robert De Niro 1995 Casino
42%
115 Peter Weir Robin Williams 1989 Dead Poets Society
42%
65 Spike Lee Danny Aiello 1989 Do the Right Thing
42%
212 David Lynch Naomi Watts 2001 Mulholland Drive
42%
93 Park Chan-wook Choi Min-sik 2003 Oldboy
42%
106 Miloš Forman F. Murray Abraham 1984 Amadeus
41%
180 Spike Lee Denzel Washington 1992 Malcolm X
41%
247 Robert Wise Julie Andrews 1965 The Sound of Music
41%
110 John Carpenter Kurt Russell 1982 The Thing
41%
68 Rodney Rothman, Peter Ramsey, Bob Persichetti Shameik Moore 2018 Spider-Man: Into the Spider-Verse
40%
473 Jordan Peele Daniel Kaluuya 2017 Get Out
40%
482 Denis Villeneuve Amy Adams 2016 Arrival
39%
104 Hayao Miyazaki Chieko Baisho 2004 Howl's Moving Castle
39%
436 Ang Lee Heath Ledger 2005 Brokeback Mountain
39%
157 Stanley Kubrick Peter Sellers 1964 Dr. Strangelove or: How I Learned to Stop Worrying and Love the Bomb
39%
434 Joel Coen Frances McDormand 1996 Fargo
39%
447 Josh Safdie Timothée Chalamet 2025 Marty Supreme
39%
387 Martin Scorsese Leonardo DiCaprio 2010 Shutter Island
39%
17 Akira Kurosawa Tatsuya Nakadai 1985 Ran
38%
113 Stanley Donen, Gene Kelly Gene Kelly 1952 Singin' in the Rain
38%
26 Isao Takahata Tsutomu Tatsumi 1988 Grave of the Fireflies
37%
462 Alan Parker Bob Geldof 1982 Pink Floyd: The Wall
37%
73 Hayao Miyazaki Youji Matsuda 1997 Princess Mononoke
36%
260 Brad Bird Patton Oswalt 2007 Ratatouille
36%
160 Roman Polanski Jack Nicholson 1974 Chinatown
36%
102 Costa-Gavras Yves Montand 1969 Z
36%
56 Joaquim Dos Santos, Justin K. Thompson, Kemp Powers Shameik Moore 2023 Spider-Man: Across the Spider-Verse
35%
333 Stanley Kubrick Matthew Modine 1987 Full Metal Jacket
35%
21 Mathieu Kassovitz Vincent Cassel 1995 La Haine
35%
120 Krzysztof Kieślowski Irène Jacob 1994 Three Colours: Red
35%
273 Danny Boyle Ewan McGregor 1996 Trainspotting
35%
270 Roger Allers, Rob Minkoff Matthew Broderick 1994 The Lion King
34%
151 Sidney Lumet Al Pacino 1975 Dog Day Afternoon
34%
420 Steve McQueen Chiwetel Ejiofor 2013 12 Years a Slave
33%
4 Elem Klimov Aleksei Kravchenko 1985 Come and See
33%
352 Alfred Hitchcock Cary Grant 1959 North by Northwest
33%
272 Sergio Leone Robert De Niro 1984 Once Upon a Time in America
33%
41 Billy Wilder Jack Lemmon 1960 The Apartment
33%
136 David Lynch Sheryl Lee 1992 Twin Peaks: Fire Walk with Me
33%
309 Paul Thomas Anderson Mark Wahlberg 1997 Boogie Nights
32%
1 Masaki Kobayashi Tatsuya Nakadai 1962 Harakiri
32%
84 Wong Kar-wai Maggie Cheung 2000 In the Mood for Love
32%
381 Greta Gerwig Saoirse Ronan 2019 Little Women
32%
407 George Miller Tom Hardy 2015 Mad Max: Fury Road
32%
133 Denis Villeneuve Hugh Jackman 2013 Prisoners
32%
191 Federico Fellini Marcello Mastroianni 1963
31%
433 Tony Kaye Edward Norton 1998 American History X
31%
60 Stanley Kubrick Ryan O'Neal 1975 Barry Lyndon
31%
155 Richard Linklater Ethan Hawke 1995 Before Sunrise
31%
142 Richard Linklater Ethan Hawke 2004 Before Sunset
31%
214 Charlie Chaplin Charlie Chaplin 1936 Modern Times
31%
75 Sergio Leone Claudia Cardinale 1968 Once Upon a Time in the West
31%
406 Elia Kazan Marlon Brando 1954 On the Waterfront
31%
435 Guillermo del Toro Ivana Baquero 2006 Pan's Labyrinth
31%
294 Roman Polanski Mia Farrow 1968 Rosemary's Baby
31%
163 David Lynch Anthony Hopkins 1980 The Elephant Man
31%
9 Masaki Kobayashi Tatsuya Nakadai 1959 The Human Condition I: No Greater Love
31%
128 Ingmar Bergman Max von Sydow 1957 The Seventh Seal
31%
127 Charlie Chaplin Charlie Chaplin 1931 City Lights
30%
477 Alfonso Cuarón Daniel Radcliffe 2004 Harry Potter and the Prisoner of Azkaban
30%
267 Paul Thomas Anderson Tom Cruise 1999 Magnolia
30%
230 Fritz Lang Gustav Fröhlich 1927 Metropolis
30%
318 Akira Kurosawa Toshirō Mifune 1950 Rashomon
30%
254 Andrew Stanton Ben Burtt 2008 WALL·E
29%
398 Bob Fosse Liza Minnelli 1972 Cabaret
29%
249 Sergio Leone Clint Eastwood 1965 For a Few Dollars More
29%
314 Chloé Zhao Jessie Buckley 2025 Hamnet
29%
52 Bong Joon-ho Song Kang-ho 2003 Memories of Murder
29%
195 Billy Wilder Tony Curtis 1959 Some Like It Hot
29%
172 Florian Zeller Anthony Hopkins 2020 The Father
29%
316 Clint Eastwood Clint Eastwood 1992 Unforgiven
29%
350 Jean-Pierre Jeunet Audrey Tautou 2001 Amélie
28%
89 Wim Wenders Harry Dean Stanton 1984 Paris, Texas
28%
33 Stanley Kubrick Kirk Douglas 1957 Paths of Glory
28%
371 Rob Reiner Wil Wheaton 1986 Stand by Me
28%
173 Vittorio De Sica Lamberto Maggiorani 1948 Bicycle Thieves
27%
341 Hayao Miyazaki Noriko Hidaka 1988 My Neighbor Totoro
27%
292 Michael Cimino Robert De Niro 1978 The Deer Hunter
27%
302 Ridley Scott Susan Sarandon 1991 Thelma & Louise
27%
158 Alfonso Cuarón Clive Owen 2006 Children of Men
26%
19 Giuseppe Tornatore Philippe Noiret 1988 Cinema Paradiso
26%
329 Barry Jenkins Trevante Rhodes 2016 Moonlight
26%
210 Sidney Lumet Faye Dunaway 1976 Network
26%
63 Andrei Tarkovsky Aleksandr Kaydanovskiy 1979 Stalker
26%
42 Billy Wilder William Holden 1950 Sunset Boulevard
26%
223 Alexander Payne Paul Giamatti 2023 The Holdovers
26%
6 Akira Kurosawa Toshirō Mifune 1963 High and Low
25%
264 Andrei Tarkovsky Natalya Bondarchuk 1972 Solaris
25%
232 David Lean William Holden 1957 The Bridge on the River Kwai
25%
13 Edward Yang Wu Nien-Jen 2000 Yi Yi
25%
188 Brad Bird Vin Diesel 1999 The Iron Giant
24%
16 Akira Kurosawa Takashi Shimura 1952 Ikiru
24%
409 Paul Thomas Anderson Daniel Day-Lewis 2017 Phantom Thread
24%
443 Matthew Warchus George MacKay 2014 Pride
24%
250 Martin Scorsese Robert De Niro 1982 The King of Comedy
24%
159 Akira Kurosawa Toshirō Mifune 1961 Yojimbo
24%
100 Joseph L. Mankiewicz Bette Davis 1950 All About Eve
23%
183 Katsuhiro Otomo Mitsuo Iwata 1988 Akira
23%
459 Terry Jones, Terry Gilliam Graham Chapman 1975 Monty Python and the Holy Grail
23%
179 Thomas Vinterberg Mads Mikkelsen 2012 The Hunt
23%
289 Charlotte Wells Paul Mescal 2022 Aftersun
22%
132 Wolfgang Petersen Jürgen Prochnow 1981 Das Boot
22%
202 Federico Fellini Marcello Mastroianni 1960 La Dolce Vita
22%
471 Joe Wright Keira Knightley 2005 Pride & Prejudice
22%
72 Park Chan-wook Kim Min-hee 2016 The Handmaiden
22%
319 George Roy Hill Paul Newman 1973 The Sting
22%
43 Yasujirō Ozu Chishū Ryū 1953 Tokyo Story
22%
80 Satoshi Kon Junko Iwao 1997 Perfect Blue
21%
2 Masaki Kobayashi Tatsuya Nakadai 1961 The Human Condition III: A Soldier's Prayer
21%
25 Masaki Kobayashi Tatsuya Nakadai 1959 The Human Condition II: Road to Eternity
21%
285 Alfonso Cuarón Diego Luna 2001 Y Tu Mamá También
21%
36 Andrei Tarkovsky Anatoliy Solonitsyn 1966 Andrei Rublev
20%
403 George Roy Hill Paul Newman 1969 Butch Cassidy and the Sundance Kid
20%
185 Wong Kar-wai Takeshi Kaneshiro 1994 Chungking Express
20%
454 John Schlesinger Dustin Hoffman 1969 Midnight Cowboy
20%
125 Hirokazu Kore-eda Sakura Ando 2023 Monster
20%
77 Ingmar Bergman Bibi Andersson 1966 Persona
20%
31 Gillo Pontecorvo Brahim Hadjadj 1966 The Battle of Algiers
20%
445 Francis Ford Coppola Gene Hackman 1974 The Conversation
20%
245 Tarsem Singh Lee Pace 2006 The Fall
20%
427 Celine Song Greta Lee 2023 Past Lives
19%
359 William Wyler Audrey Hepburn 1953 Roman Holiday
19%
46 Carl Theodor Dreyer Maria Falconetti 1928 The Passion of Joan of Arc
19%
242 Carol Reed Joseph Cotten 1949 The Third Man
19%
126 Ingmar Bergman Victor Sjöström 1957 Wild Strawberries
19%
379 Alan J. Pakula Robert Redford 1976 All the President's Men
18%
23 Ingmar Bergman Ingrid Bergman 1978 Autumn Sonata
18%
67 John Cassavetes Gena Rowlands 1974 A Woman Under the Influence
18%
463 Hayao Miyazaki Minami Takayama 1989 Kiki's Delivery Service
18%
492 Joel Crawford Antonio Banderas 2022 Puss in Boots: The Last Wish
18%
451 Alfred Hitchcock Ray Milland 1954 Dial M for Murder
18%
49 Ingmar Bergman Pernilla Allwin 1982 Fanny and Alexander
18%
37 Denis Villeneuve Lubna Azabal 2010 Incendies
18%
137 Andrei Tarkovsky Margarita Terekhova 1975 Mirror
18%
383 Joachim Trier Renate Reinsve 2025 Sentimental Value
18%
422 John Sturges Steve McQueen 1963 The Great Escape
18%
116 Bob Fosse Roy Scheider 1979 All That Jazz
17%
426 Stuart Rosenberg Paul Newman 1967 Cool Hand Luke
17%
281 Lars von Trier Björk 2000 Dancer in the Dark
17%
393 Frank Capra Clark Gable 1934 It Happened One Night
17%
50 Céline Sciamma Noémie Merlant 2019 Portrait of a Lady on Fire
17%
338 Clyde Bruckman, Buster Keaton Buster Keaton 1926 The General
17%
304 Charlie Chaplin Charlie Chaplin 1921 The Kid
17%
437 Tony Bancroft, Barry Cook Ming-Na Wen 1998 Mulan
16%
265 Makoto Shinkai Ryunosuke Kamiki 2016 Your Name.
16%
217 Billy Wilder Fred MacMurray 1944 Double Indemnity
16%
472 Alfred Hitchcock James Stewart 1948 Rope
16%
135 Abbas Kiarostami Homayoun Ershadi 1997 Taste of Cherry
16%
154 François Truffaut Jean-Pierre Léaud 1959 The 400 Blows
16%
448 John Woo Chow Yun-Fat 1989 The Killer
16%
54 Michael Powell, Emeric Pressburger Moira Shearer 1948 The Red Shoes
16%
199 Mike Nichols Elizabeth Taylor 1966 Who's Afraid of Virginia Woolf?
16%
22 Edward Yang Chang Chen 1991 A Brighter Summer Day
15%
497 Martin Scorsese Griffin Dunne 1985 After Hours
15%
483 Chris Sanders, Dean DeBlois Jay Baruchel 2010 How to Train Your Dragon
15%
27 Hideaki Anno, Kazuya Tsurumaki Megumi Ogata 1997 Neon Genesis Evangelion: The End of Evangelion
15%
348 Lars von Trier Nicole Kidman 2003 Dogville
15%
257 Akira Kurosawa Akira Terao 1990 Dreams
15%
413 Wong Kar-Wai Leon Lai Ming 1995 Fallen Angels
15%
81 Peter Bogdanovich Tatum O'Neal 1973 Paper Moon
15%
79 Béla Tarr Mihály Vig 1994 Sátántangó
15%
366 David Lynch Richard Farnsworth 1999 The Straight Story
15%
432 Krzysztof Kieślowski Juliette Binoche 1993 Three Colours: Blue
15%
150 Wim Wenders Bruno Ganz 1987 Wings of Desire
15%
388 Lewis Milestone Louis Wolheim 1930 All Quiet on the Western Front
14%
91 Asghar Farhadi Leila Hatami 2011 A Separation
14%
134 David Lean Celia Johnson 1945 Brief Encounter
14%
301 Chris Sanders Lupita Nyong'o 2024 The Wild Robot
14%
119 Walter Salles Fernanda Torres 2024 I'm Still Here
14%
337 Jim Sheridan Daniel Day-Lewis 1993 In the Name of the Father
14%
395 Bong Joon Ho Kim Hye-ja 2009 Mother
14%
490 Frank Capra James Stewart 1939 Mr. Smith Goes to Washington
14%
401 Robert Altman David Arkin 1975 Nashville
14%
82 Ingmar Bergman Liv Ullmann 1974 Scenes from a Marriage
14%
87 Buster Keaton Buster Keaton 1924 Sherlock, Jr.
14%
307 Darius Marder Riz Ahmed 2019 Sound of Metal
14%
441 Charlie Chaplin Charlie Chaplin 1925 The Gold Rush
14%
169 Florian Henckel von Donnersmarck Martina Gedeck 2006 The Lives of Others
14%
215 Charles Laughton Robert Mitchum 1955 The Night of the Hunter
14%
165 John Huston Humphrey Bogart 1948 The Treasure of the Sierra Madre
14%
62 Billy Wilder Tyrone Power 1957 Witness for the Prosecution
14%
384 Rainer Werner Fassbinder Brigitte Mira 1974 Ali: Fear Eats the Soul
13%
235 Dean Fleischer Camp Jenny Slate 2021 Marcel the Shell with Shoes On
13%
353 Hayao Miyazaki Sumi Shimamoto 1984 Nausicaä of the Valley of the Wind
13%
53 Abbas Kiarostami Hossain Sabzian 1990 Close-Up
13%
315 Yasujirō Ozu Keiji Sada 1959 Good Morning
13%
34 Mikhail Kalatozov Sergio Corrieri 1964 I Am Cuba
13%
298 Valerie Faris, Jonathan Dayton Greg Kinnear 2006 Little Miss Sunshine
13%
70 Matt Johnson Matt Johnson 2025 Nirvanna the Band the Show the Movie
13%
148 Wim Wenders Koji Yakusho 2023 Perfect Days
13%
324 S. S. Rajamouli N.T. Rama Rao Jr. 2022 RRR
13%
410 Charlie Kaufman Philip Seymour Hoffman 2008 Synecdoche, New York
13%
362 Robert Altman Elliott Gould 1973 The Long Goodbye
13%
344 Henry Selick Dakota Fanning 2009 Coraline
12%
375 Agnès Varda Corinne Marchand 1962 Cléo from 5 to 7
12%
478 Werner Herzog Klaus Kinski 1982 Fitzcarraldo
12%
205 Chantal Akerman Delphine Seyrig 1975 Jeanne Dielman, 23, quai du Commerce, 1080 Bruxelles
12%
227 Ken Loach David Bradley 1969 Kes
12%
20 Jacques Becker Michel Constantin 1960 Le Trou
12%
58 Federico Fellini Giulietta Masina 1957 Nights of Cabiria
12%
152 Greg Kwedar Colman Domingo 2024 Sing Sing
12%
343 John Ford Henry Fonda 1940 The Grapes of Wrath
12%
300 Peter Bogdanovich Timothy Bottoms 1971 The Last Picture Show
12%
196 Akira Kurosawa Toshirō Mifune 1957 Throne of Blood
12%
365 Pedro Almodóvar Cecilia Roth 1999 All About My Mother
11%
258 Michael Haneke Jean-Louis Trintignant 2012 Amour
11%
233 Otto Preminger James Stewart 1959 Anatomy of a Murder
11%
460 Lars von Trier Emily Watson 1996 Breaking the Waves
11%
105 Walter Salles Fernanda Montenegro 1998 Central Station
11%
71 Chen Kaige Leslie Cheung 1993 Farewell My Concubine
11%
284 Wong Kar-Wai Leslie Cheung 1997 Happy Together
11%
123 Yasujirō Ozu Chishū Ryū 1949 Late Spring
11%
277 Jean-Pierre Melville Alain Delon 1967 Le Samouraï
11%
51 Paul Schrader Ken Ogata 1985 Mishima: A Life in Four Chapters
11%
455 Akira Kurosawa Toshirō Mifune 1962 Sanjuro
11%
206 William Friedkin Roy Scheider 1977 Sorcerer
11%
231 William Wyler Dana Andrews 1946 The Best Years of Our Lives
11%
141 Thomas Vinterberg Ulrich Thomsen 1998 The Celebration
11%
170 Andrei Tarkovsky Erland Josephson 1986 The Sacrifice
11%
468 Jacques Demy Catherine Deneuve 1964 The Umbrellas of Cherbourg
11%
368 Robert Aldrich Bette Davis 1962 What Ever Happened to Baby Jane?
11%
303 Vincent Paronnaud, Marjane Satrapi Chiara Mastroianni 2007 Persepolis
10%
243 Masaki Kobayashi Michiyo Aratama 1964 Kwaidan
10%
370 Federico Fellini Giulietta Masina 1954 La Strada
10%
143 Xavier Dolan Anne Dorval 2014 Mommy
10%
139 Satyajit Ray Subir Banerjee 1955 Pather Panchali
10%
55 Akira Kurosawa Toshirō Mifune 1965 Red Beard
10%
176 Mike Leigh Brenda Blethyn 1996 Secrets & Lies
10%
153 Hirokazu Kore-eda Lily Franky 2018 Shoplifters
10%
32 Mikhail Kalatozov Tatyana Samoylova 1957 The Cranes Are Flying
10%
452 Éric Toledano, Olivier Nakache François Cluzet 2011 The Intouchables
10%
28 Hiroshi Teshigahara Eiji Okada 1964 Woman in the Dunes
10%
92 Satyajit Ray Soumitra Chatterjee 1959 Apur Sansar
9%
177 Hideaki Anno Megumi Ogata 2021 Evangelion: 3.0+1.0 Thrice Upon a Time
9%
204 Adam Elliot Toni Collette 2009 Mary and Max
9%
256 Satoshi Kon Miyoko Shoji 2001 Millennium Actress
9%
229 Satoshi Kon Aya Okamoto 2003 Tokyo Godfathers
9%
286 Ingmar Bergman Liv Ullmann 1972 Cries and Whispers
9%
194 Kiyoshi Kurosawa Koji Yakusho 1997 Cure
9%
166 Akira Kurosawa Yuriy Solomin 1975 Dersu Uzala
9%
323 Ryusuke Hamaguchi Hidetoshi Nishijima 2021 Drive My Car
9%
376 John Woo Chow Yun-Fat 1992 Hard Boiled
9%
108 Stanley Kramer Spencer Tracy 1961 Judgment at Nuremberg
9%
262 Akira Kurosawa Tatsuya Nakadai 1980 Kagemusha
9%
290 Gregg Araki Joseph Gordon-Levitt 2004 Mysterious Skin
9%
182 Andrei Tarkovsky Oleg Yankovskiy 1983 Nostalgia
9%
488 Paul King Ben Whishaw 2017 Paddington 2
9%
320 Jacques Tati Jacques Tati 1967 PlayTime
9%
361 Howard Hawks John Wayne 1959 Rio Bravo
9%
389 Roberto Rossellini Aldo Fabrizi 1945 Rome, Open City
9%
44 Larisa Shepitko Boris Plotnikov 1977 The Ascent
9%
458 Akira Kurosawa Toshirō Mifune 1958 The Hidden Fortress
9%
74 Kaouther Ben Hania Motaz Malhees 2025 The Voice of Hind Rajab
9%
124 Ernst Lubitsch Carole Lombard 1942 To Be or Not to Be
9%
86 Abbas Kiarostami Babek Ahmed Poor 1987 Where Is the Friend's House?
9%
450 Robert Altman Shelley Duvall 1977 3 Women
8%
372 Alejandro González Iñárritu Emilio Echevarría 2000 Amores Perros
8%
351 Sergio Pablos Jason Schwartzman 2019 Klaus
8%
218 Kirk Jones Robert Aramayo 2025 I Swear
8%
76 Sion Sono Takahiro Nishijima 2008 Love Exposure
8%
164 John Cassavetes Gena Rowlands 1977 Opening Night
8%
178 John Ford John Wayne 1962 The Man Who Shot Liberty Valance
8%
103 Henri-Georges Clouzot Yves Montand 1953 The Wages of Fear
8%
396 Orson Welles Charlton Heston 1958 Touch of Evil
8%
149 Béla Tarr Lars Rudolph 2000 Werckmeister Harmonies
8%
476 Rajkumar Hirani Aamir Khan 2009 3 Idiots
7%
192 Billy Wilder Kirk Douglas 1951 Ace in the Hole
7%
209 Michael Powell, Emeric Pressburger David Niven 1946 A Matter of Life and Death
7%
83 Hu Bo Peng Yuchang 2018 An Elephant Sitting Still
7%
211 Satyajit Ray Karuna Banerjee 1956 Aparajito
7%
101 Jean-Pierre Melville Lino Ventura 1969 Army of Shadows
7%
107 Tatsuya Yoshihara Kikunosuke Toya 2025 Chainsaw Man - The Movie: Reze Arc
7%
98 Don Hertzfeldt Don Hertzfeldt 2012 It's Such a Beautiful Day
7%
213 Isao Takahata Aki Asakura 2013 The Tale of the Princess Kaguya
7%
193 Sidney Lumet Henry Fonda 1964 Fail Safe
7%
308 Jean Renoir Jean Gabin 1937 Grand Illusion
7%
112 Pat Boonnitipat Putthipong Assaratanakul 2024 How to Make Millions Before Grandma Dies
7%
342 Andrei Tarkovsky Nikolay Burlyaev 1962 Ivan's Childhood
7%
175 Michelangelo Antonioni Marcello Mastroianni 1961 La Notte
7%
57 Hirokazu Kore-eda Yuya Yagira 2004 Nobody Knows
7%
109 Carl Theodor Dreyer Henrik Malberg 1955 Ordet
7%
114 Zhang Yimou Gong Li 1991 Raise the Red Lantern
7%
138 Luchino Visconti Alain Delon 1960 Rocco and His Brothers
7%
47 Kenji Mizoguchi Kinuyo Tanaka 1954 Sansho the Bailiff
7%
491 Robert Altman Andie MacDowell 1993 Short Cuts
7%
236 Alexander Mackendrick Tony Curtis 1957 Sweet Smell of Success
7%
145 Jūzō Itami Tsutomu Yamazaki 1985 Tampopo
7%
266 Ken Russell Vanessa Redgrave 1971 The Devils
7%
261 Béla Tarr János Derzsi 2011 The Turin Horse
7%
140 Jacques Demy Catherine Deneuve 1967 The Young Girls of Rochefort
7%
291 Sydney Pollack Jane Fonda 1969 They Shoot Horses, Don't They?
7%
144 Emir Kusturica Miki Manojlović 1995 Underground
7%
111 Robert Bresson François Leterrier 1956 A Man Escaped
6%
321 Naoko Yamada Miyu Irino 2016 A Silent Voice: The Movie
6%
201 Tomm Moore David Rawle 2014 Song of the Sea
6%
493 Mike Mills Joaquin Phoenix 2021 C'mon C'mon
6%
357 Henri-Georges Clouzot Véra Clouzot 1955 Diabolique
6%
69 Theo Angelopoulos Bruno Ganz 1998 Eternity and a Day
6%
424 Alain Resnais Emmanuelle Riva 1959 Hiroshima Mon Amour
6%
296 Jean-Pierre Melville Alain Delon 1970 Le Cercle Rouge
6%
392 Nuri Bilge Ceylan Muhammet Uzuner 2011 Once Upon a Time in Anatolia
6%
203 Jules Dassin Jean Servais 1955 Rififi
6%
335 Bernardo Bertolucci Jean-Louis Trintignant 1970 The Conformist
6%
390 Luis Buñuel Silvia Pinal 1962 The Exterminating Angel
6%
453 Luchino Visconti Burt Lancaster 1963 The Leopard
6%
253 Michael Powell, Emeric Pressburger Roger Livesey 1943 The Life and Death of Colonel Blimp
6%
271 Michael Haneke Christian Friedel 2009 The White Ribbon
6%
208 Kenji Mizoguchi Machiko Kyō 1953 Ugetsu
6%
216 Vittorio De Sica Carlo Battisti 1952 Umberto D.
6%
499 Raoul Walsh James Cagney 1949 White Heat
6%
225 Ingmar Bergman Gunnar Björnstrand 1963 Winter Light
6%
358 Jacques Audiard Tahar Rahim 2009 A Prophet
5%
313 Louis Malle Gaspard Manesse 1987 Au Revoir les Enfants
5%
417 Adam Elliot Sarah Snook 2024 Memoir of a Snail
5%
299 Nadine Labaki Zain Al Rafeea 2018 Capernaum
5%
168 Marcel Carné Arletty 1945 Children of Paradise
5%
129 Toshio Matsumoto Shinnosuke Ikehata 1969 Funeral Parade of Roses
5%
334 Nicholas Ray Humphrey Bogart 1950 In a Lonely Place
5%
310 Park Chan-wook Lee Young-ae 2000 Joint Security Area
5%
96 Theo Angelopoulos Michalis Zeke 1988 Landscape in the Mist
5%
330 John Cassavetes Gena Rowlands 1984 Love Streams
5%
332 Héctor Babenco Fernando Ramos da Silva 1980 Pixote
5%
283 Ingmar Bergman Liv Ullmann 1968 Shame
5%
414 Destin Daniel Cretton Brie Larson 2013 Short Term 12
5%
416 William Wyler Shirley MacLaine 1961 The Children's Hour
5%
430 Ingmar Bergman Max von Sydow 1960 The Virgin Spring
5%
355 Nabwana IGG Kakule William 2010 Who Killed Captain Alex?
5%
237 Cristian Mungiu Anamaria Marinca 2007 4 Months, 3 Weeks and 2 Days
4%
295 Guel Arraes Matheus Nachtergaele 2000 A Dog's Will
4%
327 Elia Kazan Andy Griffith 1957 A Face in the Crowd
4%
411 Hirokazu Kore-eda Arata Iura 1998 After Life
4%
405 Shunji Iwai Hayato Ichihara 2001 All About Lily Chou-Chou
4%
252 Yasujirō Ozu Chishū Ryū 1962 An Autumn Afternoon
4%
118 Ettore Scola Sophia Loren 1977 A Special Day
4%
317 Jang Hoon Song Kang-ho 2017 A Taxi Driver
4%
207 Kazuhisa Takenouchi, Leiji Matsumoto, Hirotoshi Rissen, Daisuke Nishio Romanthony 2003 Interstella 5555: The 5tory of the 5ecret 5tar 5ystem
4%
198 Kiyotaka Oshiyama Yuumi Kawai 2024 Look Back
4%
346 Claude Barras Gaspard Schlatter 2016 My Life as a Zucchini
4%
171 Yukihiro Miyamoto, Akiyuki Shinbo Aoi Yuuki 2013 Puella Magi Madoka Magica the Movie Part III: Rebellion
4%
228 Takehiko Inoue Shugo Nakamura 2022 The First Slam Dunk
4%
374 Yoshifumi Kondo Yoko Honna 1995 Whisper of the Heart
4%
263 Tomm Moore, Ross Stewart Honor Kneafsey 2020 Wolfwalkers
4%
311 Majid Majidi Amir Farrokh Hashemian 1997 Children of Heaven
4%
287 Carlos Saura Ana Torrent 1976 Cria!
4%
354 François Truffaut Jacqueline Bisset 1973 Day for Night
4%
449 Ang Lee Lung Sihung 1994 Eat Drink Man Woman
4%
278 Takeshi Kitano Takeshi Kitano 1997 Fireworks
4%
328 Lee Joon-ik Sul Kyung-gu 2013 Hope
4%
219 Dino Risi Vittorio Gassman 1962 Il Sorpasso
4%
495 Richard Brooks Robert Blake 1967 In Cold Blood
4%
186 Abbas Kiarostami Farhad Kheradmand 1992 Life, and Nothing More...
4%
340 Nobuhiro Yamashita Bae Doona 2005 Linda Linda Linda
4%
474 Robert Altman Warren Beatty 1971 McCabe & Mrs. Miller
4%
487 Brian De Palma William Finley 1974 Phantom of the Paradise
4%
238 Jasmila Žbanić Jasna Đuričić 2020 Quo Vadis, Aida?
4%
200 Hideaki Anno Shunji Iwai 2000 Ritual
4%
456 John Frankenheimer Rock Hudson 1966 Seconds
4%
440 J.A. Bayona Enzo Vogrincic 2023 Society of the Snow
4%
349 Kim Ki-duk Oh Young-soo 2003 Spring, Summer, Fall, Winter...and Spring
4%
117 Hirokazu Kore-eda Hiroshi Abe 2008 Still Walking
4%
380 F.W. Murnau George O'Brien 1927 Sunrise: A Song of Two Humans
4%
90 Shinobu Yaguchi Juri Ueno 2004 Swing Girls
4%
496 Rainer Werner Fassbinder Margit Carstensen 1972 The Bitter Tears of Petra von Kant
4%
485 Sergei Parajanov Spartak Bagashvili 1969 The Color of Pomegranates
4%
162 Juraj Herz Rudolf Hrušínský 1969 The Cremator
4%
222 Hiroshi Teshigahara Tatsuya Nakadai 1966 The Face of Another
4%
408 Éric Rohmer Marie Rivière 1986 The Green Ray
4%
251 Leos Carax Juliette Binoche 1991 The Lovers on the Bridge
4%
397 Anna Muylaert Regina Casé 2015 The Second Mother
4%
246 Juan José Campanella Ricardo Darín 2009 The Secret in Their Eyes
4%
367 Ernst Lubitsch Margaret Sullavan 1940 The Shop Around the Corner
4%
404 Victor Erice Fernando Fernán Gómez 1973 The Spirit of the Beehive
4%
377 Mick Jackson Karen Meagher 1984 Threads
4%
421 Ingmar Bergman Harriet Andersson 1961 Through a Glass Darkly
4%
336 Abbas Kiarostami Mohammadali Keshavarz 1994 Through the Olive Trees
4%
399 Kiyoshi Kurosawa Teruyuki Kagawa 2008 Tokyo Sonata
4%
184 Ettore Scola Nino Manfredi 1974 We All Loved Each Other So Much
4%
498 Vidhu Vinod Chopra Vikrant Massey 2023 12th Fail
3%
484 Asghar Farhadi Golshifteh Farahani 2009 About Elly
3%
425 Wim Wenders Rüdiger Vogler 1974 Alice in the Cities
3%
181 Michel Ocelot Cyril Mourali 2006 Azur & Asmar: The Princes' Quest
3%
431 Yuzuru Tachikawa Yuki Yamada 2023 Blue Giant
3%
394 Stéphane Aubier, Vincent Patar, Benjamin Renner Anne-Marie Loop 2012 Ernest & Celestine
3%
326 Masaaki Yuasa Koji Imada 2004 Mind Game
3%
241 Marcell Jankovics György Cserhalmi 1981 Son of the White Mare
3%
439 Cristóbal León, Joaquín Cociña Amalia Kassai 2018 The Wolf House
3%
428 Héctor Babenco Luiz Carlos Vasconcelos 2003 Carandiru
3%
480 F.W. Murnau Gösta Ekman 1926 Faust
3%
489 Mike Cheslik Ryland Brickson Cole Tews 2022 Hundreds of Beavers
3%
312 Elio Petri Gian Maria Volonté 1970 Investigation of a Citizen Above Suspicion
3%
345 Saim Sadiq Ali Junejo 2022 Joyland
3%
259 Tetsuya Nakashima Kyoko Fukada 2004 Kamikaze Girls
3%
481 Agnès Varda Jean-Claude Drouot 1965 Le Bonheur
3%
378 Hirokazu Kore-eda Masaharu Fukuyama 2013 Like Father, Like Son
3%
418 Lukas Moodysson Oksana Akinshina 2002 Lilya 4-ever
3%
244 Roberto Gavaldón Ignacio López Tarso 1960 Macario
3%
438 Deniz Gamze Ergüven Güneş Nezihe Şensoy 2015 Mustang
3%
412 Éric Rohmer Jean-Louis Trintignant 1969 My Night at Maud's
3%
248 Lee Chang-dong Yoon Jeong-hee 2010 Poetry
3%
429 Hwang Dong-hyuk Gong Yoo 2011 Silenced
3%
363 Peter Greenaway Richard Bohringer 1989 The Cook, the Thief, His Wife & Her Lover
3%
469 Paola Cortellesi Paola Cortellesi 2023 There's Still Tomorrow
3%
255 Emir Kusturica Davor Dujmović 1988 Time of the Gypsies
3%
467 Damián Szifron Ricardo Darín 2014 Wild Tales
3%
297 Nuri Bilge Ceylan Haluk Bilginer 2014 Winter Sleep
3%
373 Derek Tsang Kwok-Cheung Zhou Dongyu 2019 Better Days
2%
331 Susumu Mitsunaka Ayumu Murase 2024 HAIKYU!! The Dumpster Battle
2%
322 Masaaki Yuasa Gen Hoshino 2017 Night Is Short, Walk On Girl
2%
419 Yoshiaki Kawajiri Yoko Soumi 2000 Vampire Hunter D: Bloodlust
2%
325 Peter Chan Ho-Sun Maggie Cheung 1996 Comrades, Almost a Love Story
2%
268 Ciro Guerra Nilbio Torres 2015 Embrace of the Serpent
2%
339 Anurag Kashyap Nawazuddin Siddiqui 2012 Gangs of Wasseypur - Part 2
2%
385 Alonso Ruizpalacios Sebastián Aguirre 2014 Güeros
2%
461 Ernesto Contreras Eligio Meléndez 2017 I Dream in Another Language
2%
356 Madhu C. Narayanan Shane Nigam 2019 Kumbalangi Nights
2%
305 C. Prem Kumar Arvind Swamy 2024 Meiyazhagan
2%
464 Fabián Bielinsky Ricardo Darín 2000 Nine Queens
2%
500 Hirokazu Kore-eda Haruka Ayase 2015 Our Little Sister
2%
444 Peter Watkins Patrick Boland 1971 Punishment Park
2%
457 Edward Yang Cora Miao 1986 Terrorizers
2%
369 Louis Malle Maurice Ronet 1963 The Fire Within
2%
446 Sergio Corbucci Jean-Louis Trintignant 1968 The Great Silence
2%
279 Bernard Queysanne Jacques Spiesser 1974 The Man Who Sleeps
2%
475 Joseph Losey Dirk Bogarde 1963 The Servant
2%
465 Kihachi Okamoto Tatsuya Nakadai 1966 The Sword of Doom
2%
282 Luis Buñuel Estela Inda 1950 The Young and the Damned
2%
486 Yandy Laurens Ringgo Agus Rahman 2023 Falling in Love Like in Movies
1%
494 Agnès Varda Thérèse Liotard 1977 One Sings, the Other Doesn't
1%
479 Boris Lojkine Abou Sangare 2024 Souleymane's Story
1%
No matching quizzes found
Score Distribution
Percent of People with Each Score
Percentile by Number Answered
Your Score History
You have not taken this quiz